000 00464nam a2200181Ia 4500
001 20843
005 20260306172835.0
008 260306t2016||||xx |||||||||||||| ||spa||
041 _aESP
082 _a343.8
_bG86
100 _aGuerra Salvatierra, María del Pilar
_eAUT
245 0 _aEl nuevo tratamiento del fraccionamiento tributario
260 _c2016
300 _a47 páginas :
_c24 cm.
650 _aGEN
654 _aCDE
942 _cLIB
_dJUS
_fJUS
_2ddc
_n
999 _c20843
_d20843